[Event "Wch Blitz"]
[Site "Dubai"]
[Date "2014.06.19"]
[Round "7"]
[White "Carlsen, Magnus"]
[Black "Le, Quang Liem"]
[Result "1-0"]
[WhiteElo "2881"]
[BlackElo "2712"]
[PlyCount "205"]
[EventDate "2014.06.19"]
[EventType "swiss (blitz)"]
[EventRounds "21"]
[EventCountry "UAE"]
[SourceTitle "CBM 160 Extra"]
[Source "ChessBase"]
[SourceDate "2014.07.01"]

1. d4 Nf6 2. Nf3 g6 3. g3 Bg7 4. Bg2 d5 5. c4 c6 6. cxd5 cxd5 7. Ne5 O-O 8. Nc3
e6 9. O-O Nfd7 10. Nf3 Nf6 11. Bf4 Nc6 12. Rc1 Bd7 13. Qd2 Rc8 14. Ne5 Qe7 15.
Rfd1 Rfd8 16. Bg5 Qf8 17. h4 h6 18. Bxf6 Bxf6 19. f4 h5 20. e3 Be8 21. Bf3 Ne7
22. Kf2 Nf5 23. Ne2 Qd6 24. Qa5 Qb6 25. Qxb6 axb6 26. Rxc8 Rxc8 27. Rc1 Ra8 28.
a3 Nd6 29. Nc3 Kf8 30. e4 dxe4 31. Nxe4 Bxe5 32. dxe5 Nxe4+ 33. Bxe4 Bc6 34.
Ke3 Ke7 35. Bd3 Ra5 36. Rc3 Rc5 37. Rb3 b5 38. Rc3 Rxc3 39. bxc3 Kd7 40. Kd4 b6
41. Ke3 Kc7 42. Kd2 Bd7 43. Ke3 Kc6 44. Kd4 Kc7 45. Be2 Bc6 46. g4 hxg4 47.
Bxg4 Kd7 48. Be2 Kc7 49. h5 gxh5 50. Bxh5 Be8 51. f5 Kd7 52. f6 Kc7 53. Bf3 Bc6
54. Be2 Be8 55. Bd1 Bd7 56. Bb3 Be8 57. Ke4 Kd8 58. Kf4 Bd7 59. Bd1 Bc6 60. Be2
Bd7 61. Bd3 Bc6 62. Ke3 Kc7 63. Kd2 Be8 64. Be4 Bc6 65. Bc2 Be8 66. Kd3 Kc6 67.
Kd4 Kc7 68. Ke4 Bc6+ 69. Kf4 Kd8 70. Bb3 Bd7 71. Kg5 Ke8 72. Kh6 Kf8 73. Bc2
Bc6 74. Kh7 Bd5 75. Bd3 Bc6 76. Be2 Be4+ 77. Kh8 Bc6 78. Bf1 Bd7 79. Bg2 Be8
80. Bb7 Bd7 81. Ba6 Bc6 82. Bc8 Be4 83. Bd7 Bd3 84. Bc6 Bc4 85. Kh7 Bd3+ 86.
Kh6 Kg8 87. Kg5 Bc4 88. Kf4 Kh7 89. Kg5 Kg8 90. Bd7 Kh7 91. Be8 Kg8 92. Kf4 Kf8
93. Bc6 Kg8 94. Ke4 Kh7 95. Kd4 Bf1 96. Be8 Kg6 97. Ke3 Kf5 98. Kd4 Kg6 99. Ke4
Bc4 100. Kf4 Bf1 101. Bc6 Kh6 102. Bb7 Bc4 103. Ba6 1-0

[Event "Wch Blitz"]
[Site "Dubai"]
[Date "2014.06.19"]
[Round "2"]
[White "Carlsen, Magnus"]
[Black "Guseinov, Gadir"]
[Result "1-0"]
[WhiteElo "2881"]
[BlackElo "2613"]
[PlyCount "111"]
[EventDate "2014.06.19"]
[EventType "swiss (blitz)"]
[EventRounds "21"]
[EventCountry "UAE"]
[SourceTitle "CBM 160 Extra"]
[Source "ChessBase"]
[SourceDate "2014.07.01"]

1. d4 Nf6 2. Nf3 g6 3. g3 Bg7 4. Bg2 O-O 5. O-O d6 6. a4 a5 7. Re1 Nbd7 8. e4
e5 9. Nc3 Re8 10. h3 b6 11. Be3 Bb7 12. d5 Nc5 13. Nd2 Nfd7 14. Nc4 f5 15. exf5
gxf5 16. f4 e4 17. Bd4 Bxd4+ 18. Qxd4 Qe7 19. Ne3 Qf7 20. g4 fxg4 21. Nxg4 Qg7
22. Qxg7+ Kxg7 23. Nxe4 Nxe4 24. Bxe4 h5 25. Bf5 Rxe1+ 26. Rxe1 hxg4 27. Bxd7
gxh3 28. c4 Rf8 29. Re4 Bc8 30. Bxc8 Rxc8 31. Re6 Kf7 32. Kh2 Rh8 33. Re3 Rh4
34. Rxh3 Rxf4 35. Rh7+ Kf6 36. Rxc7 Rf2+ 37. Kg3 Rxb2 38. Kf4 Rb4 39. Ke4 Rxa4
40. Rc6 b5 41. Rxd6+ Ke7 42. Ke5 Rxc4 43. Ra6 Rc1 44. Ra7+ Ke8 45. Rxa5 b4 46.
Rb5 Rc4 47. Kd6 Rd4 48. Rb7 Rc4 49. Rb8+ Kf7 50. Kd7 Kf6 51. d6 Kf7 52. Kd8 Rd4
53. d7 Ke6 54. Rb6+ Kd5 55. Kc7 Kc4 56. Rd6 1-0

[Event "Wch Blitz"]
[Site "Dubai"]
[Date "2014.06.19"]
[Round "5"]
[White "Carlsen, Magnus"]
[Black "Harikrishna, Penteala"]
[Result "1-0"]
[WhiteElo "2881"]
[BlackElo "2726"]
[PlyCount "79"]
[EventDate "2014.06.19"]
[EventType "swiss (blitz)"]
[EventRounds "21"]
[EventCountry "UAE"]
[SourceTitle "CBM 160 Extra"]
[Source "ChessBase"]
[SourceDate "2014.07.01"]

1. e4 c5 2. Nf3 d6 3. Bb5+ Nd7 4. O-O Ngf6 5. d4 a6 6. Bxd7+ Nxd7 7. Nc3 e6 8.
d5 e5 9. a4 Be7 10. Nd2 O-O 11. Nc4 Nb6 12. Ne3 Bg5 13. b3 Bxe3 14. Bxe3 f5 15.
f4 Nd7 16. a5 Qe7 17. Qd2 fxe4 18. fxe5 Qxe5 19. Rxf8+ Nxf8 20. Bf4 Qe7 21. Na4
Bf5 22. Nb6 Rd8 23. Bg5 e3 24. Bxe7 exd2 25. Bxd8 Bxc2 26. Be7 d1=Q+ 27. Rxd1
Bxd1 28. Bxd6 Bxb3 29. Bxc5 Kf7 30. Bxf8 Kxf8 31. Kf2 Ke7 32. Ke3 Kd6 33. Kd4
g5 34. g3 g4 35. Nc4+ Bxc4 36. Kxc4 Kd7 37. Kc5 Kc7 38. d6+ Kd7 39. Kd5 h6 40.
Ke5 1-0

[Event "Wch Blitz"]
[Site "Dubai"]
[Date "2014.06.19"]
[Round "3"]
[White "Fressinet, Laurent"]
[Black "Carlsen, Magnus"]
[Result "0-1"]
[WhiteElo "2717"]
[BlackElo "2881"]
[PlyCount "99"]
[EventDate "2014.06.19"]
[EventType "swiss (blitz)"]
[EventRounds "21"]
[EventCountry "UAE"]
[SourceTitle "CBM 160 Extra"]
[Source "ChessBase"]
[SourceDate "2014.07.01"]

1. e4 Nf6 2. e5 Ng8 3. d4 d6 4. Nf3 c6 5. h3 Bf5 6. Bd3 Bxd3 7. Qxd3 dxe5 8.
Nxe5 Nd7 9. Bf4 Ngf6 10. Nc3 Nxe5 11. Bxe5 e6 12. O-O-O Be7 13. Kb1 O-O 14. Qg3
Nh5 15. Qf3 Nf6 16. h4 Nd7 17. Ne4 Qa5 18. Qg3 Nxe5 19. dxe5 Rad8 20. Nd6 Bxd6
21. Rxd6 Rxd6 22. exd6 Rd8 23. Rd1 Rd7 24. b3 h6 25. Qf4 Qc5 26. g3 f6 27. Rd3
Kf7 28. Qd2 e5 29. Rc3 Qb4 30. Kb2 Rxd6 31. Qe2 Qd4 32. Qh5+ Kf8 33. Qf5 b5 34.
a3 Kg8 35. b4 Kf7 36. Qc8 h5 37. Qf5 Qg4 38. Qxg4 hxg4 39. Kc1 Ke6 40. a4 a6
41. a5 Kd7 42. Re3 Rd5 43. c3 c5 44. Kc2 c4 45. Re4 f5 46. Re3 Ke6 47. Kc1 Rd3
48. Kc2 Rxe3 49. fxe3 Kd5 50. Kd2 0-1

[Event "Wch Blitz"]
[Site "Dubai"]
[Date "2014.06.19"]
[Round "1"]
[White "Fedoseev, Vladimir"]
[Black "Carlsen, Magnus"]
[Result "0-1"]
[WhiteElo "2662"]
[BlackElo "2881"]
[PlyCount "80"]
[EventDate "2014.06.19"]
[EventType "swiss (blitz)"]
[EventRounds "21"]
[EventCountry "UAE"]
[SourceTitle "CBM 160 Extra"]
[Source "ChessBase"]
[SourceDate "2014.07.01"]

1. d4 d5 2. c4 c6 3. Nf3 Nf6 4. e3 Bg4 5. h3 Bh5 6. Nc3 e6 7. g4 Bg6 8. Ne5
Nbd7 9. Qb3 Qc7 10. Nxg6 hxg6 11. Bg2 Nb6 12. cxd5 exd5 13. Qc2 Bd6 14. b3
O-O-O 15. Bb2 Kb8 16. O-O-O g5 17. Kb1 Qe7 18. Rhe1 Bb4 19. f3 Rhe8 20. Re2
Nfd7 21. a3 Bxc3 22. Bxc3 Nf8 23. e4 Ne6 24. Ree1 Qf6 25. Bf1 Qe7 26. e5 Nc8
27. Qd2 Qc7 28. Ba5 b6 29. Bc3 Ne7 30. Rc1 Kb7 31. Bb4 Qd7 32. Qd3 Ng6 33. Qa6+
Ka8 34. Red1 Ngf4 35. Bd6 Rc8 36. Qa4 b5 37. Qa6 Qb7 38. Qa5 Qb6 39. Qd2 Kb7
40. Ka1 Rh8 0-1

[Event "Norway Chess 2nd"]
[Site "Stavanger"]
[Date "2014.06.10"]
[Round "7"]
[White "Carlsen, Magnus"]
[Black "Grischuk, Alexander"]
[Result "1/2-1/2"]
[WhiteElo "2881"]
[BlackElo "2792"]
[Annotator "Marin,M"]
[PlyCount "148"]
[EventDate "2014.06.03"]
[EventType "tourn"]
[EventRounds "9"]
[EventCountry "NOR"]
[EventCategory "21"]
[SourceTitle "CBM 161"]
[Source "ChessBase"]
[SourceDate "2014.07.16"]

1. d4 Nf6 2. c4 g6 3. Nc3 d5 4. Nf3 Bg7 5. Bg5 Ne4 6. Bf4 Nxc3 7. bxc3 c5 8.
cxd5 cxd4 9. cxd4 Qxd5 10. e3 O-O 11. Be2 Nc6 12. O-O Bf5 13. Qa4 Qa5 14. Qxa5
Nxa5 15. Rfc1 Rfc8 16. Nd2 Rxc1+ 17. Rxc1 Rc8 18. Rxc8+ Bxc8 19. Bf3 Nc6 $146 {
Preventing the bishop's access to b8, which would force the weakening of the
queenside pawns.} (19... Bd7 20. Bb8 a6 21. Bc7 Nc6 22. Nb3 $14 {Sumets,A 
(2477)-Prasad,D (2359) Pardubice 2005 (1/2-1/2, 36)}) 20. Bc7 Kf8 21. Nb3 Ke8
22. Nc5 e6 23. Bxc6+ bxc6 $14 {With such a black weakness on c6, the position
surely looks pleasant for White, but the bishop pair offers good chances for
defending.} 24. Bb8 a6 25. Bd6 Bf6 26. Kf1 Bd8 27. Ke2 Bb6 28. Na4 Bd8 29. Nc5
Bb6 30. Ne4 Kd7 31. Be5 Bd8 32. Bf6 Bb6 33. Ng5 c5 34. Nxh7 Bb7 35. g4 Bd5 36.
a3 Bc4+ 37. Kd1 Bd5 38. Ng5 cxd4 39. Bxd4 Bxd4 40. exd4 f6 41. Nh7 Ke7 42. g5
fxg5 43. Kd2 e5 44. Ke3 Ke6 45. Nf8+ Kf5 46. dxe5 Kxe5 47. Nxg6+ Kf6 48. Kd4
Bg2 49. Ne5 Kf5 50. Nd3 Kg4 51. Ke3 Kh3 52. Nc5 a5 53. f3 g4 54. fxg4 Kxg4 55.
Nb3 a4 56. Nc5 Bc6 57. Kf2 Kh3 58. Kg1 Kg4 59. Nd3 Bb5 60. Nb4 Kh3 61. Na2 Be8
62. Nc3 Kg4 63. Nd1 Bb5 64. Nf2+ Kf3 65. h4 Be8 66. Nd1 Kg3 67. Nc3 Kxh4 68.
Kf2 Kg4 69. Ke3 Kf5 70. Kd4 Ke6 71. Kc5 Ke7 72. Nxa4 Bxa4 73. Kb4 Be8 74. a4
Bxa4 1/2-1/2

[Event "Norway Chess 2nd"]
[Site "Stavanger"]
[Date "2014.06.09"]
[Round "6"]
[White "Karjakin, Sergey"]
[Black "Carlsen, Magnus"]
[Result "1/2-1/2"]
[WhiteElo "2771"]
[BlackElo "2881"]
[Annotator "Marin,M"]
[PlyCount "76"]
[EventDate "2014.06.03"]
[EventType "tourn"]
[EventRounds "9"]
[EventCountry "NOR"]
[EventCategory "21"]
[SourceTitle "CBM 161"]
[Source "ChessBase"]
[SourceDate "2014.07.16"]

1. e4 e5 2. Nf3 Nc6 3. Bb5 Nf6 4. O-O Nxe4 5. d4 Nd6 6. Bxc6 dxc6 7. dxe5 Nf5
8. Qxd8+ Kxd8 9. h3 Bd7 10. Rd1 Be7 11. g4 Nh4 12. Nxh4 Bxh4 13. Nd2 Kc8 14.
Ne4 $146 {aiming to force events.} (14. Nf3 {leads to more consistent play.}
Be7 15. Rd3 h6 16. Nd4 Re8 17. Bf4 c5 18. Nf5 Bf8 19. c4 a6 20. Ne3 b5 21. b3
g5 22. Bg3 Be6 23. Rad1 Kb7 24. h4 Kc6 25. h5 Reb8 26. f3 a5 $132 {Caruana,F 
(2782)-Grischuk,A (2785) Warsaw 2013 (1/2-1/2 , 42). Both sides are well
regrouped and have their achievements on opposite wings.}) 14... b6 15. Bg5
Bxg5 16. Nxg5 h6 17. Nxf7 {The start of a spectacular sequence resulting in
almost complete simplifying.} Re8 18. f4 Be6 19. Nxh6 gxh6 20. f5 Bxf5 (20...
Bd5 21. e6 {looks slightly dangerous for Black. He probably should give away
the bishop with ...Bxe6 anyway, now or in the near future.}) 21. gxf5 Rxe5 22.
Rf1 Kd7 $1 {The king's activity will keep trouble away despite the
"half-a-pawn" disadvantage.} 23. Rad1+ Ke7 24. Rfe1 Kf6 25. Rxe5 Kxe5 26. Rd7
c5 27. Kf2 Rf8 28. Rxc7 Rxf5+ 29. Kg3 Rg5+ 30. Kf2 Rf5+ 31. Ke2 Rh5 32. Rxa7
Rxh3 33. Rb7 Rh2+ 34. Kd3 Kd5 35. Rxb6 Rh3+ 36. Kd2 Rh2+ 37. Kd3 Rh3+ 38. Kd2
Rh2+ 1/2-1/2

[Event "Norway Chess 2nd"]
[Site "Stavanger"]
[Date "2014.06.08"]
[Round "5"]
[White "Carlsen, Magnus"]
[Black "Aronian, Levon"]
[Result "1-0"]
[WhiteElo "2881"]
[BlackElo "2815"]
[Annotator "Sumets,A"]
[PlyCount "185"]
[EventDate "2014.06.03"]
[EventType "tourn"]
[EventRounds "9"]
[EventCountry "NOR"]
[EventCategory "21"]
[SourceTitle "CBM 161"]
[Source "ChessBase"]
[SourceDate "2014.07.16"]

1. d4 Nf6 2. c4 e6 3. Nf3 d5 4. Nc3 Bb4 5. cxd5 exd5 6. Bg5 h6 7. Bh4 Nbd7 8.
e3 g5 (8... c5 {including the moves ...h6 and Bh4, the line is considered as a
risky one. However some players disagree with this.} 9. Bd3 Qa5 (9... c4 10.
Bf5 Nb6 11. Bc2 Qe7 12. Nd2 $6 (12. O-O O-O 13. Ne5 $14) 12... O-O 13. O-O Re8
14. a3 Bxc3 15. bxc3 Qe6 16. Bxf6 Qxf6 17. a4 Bf5 18. Bxf5 Qxf5 19. Qb1 Qd7 $11
{Chiburdanidze,M (2502)-Zhao,X (2474) 1/2 (25) Antakya 2010}) 10. Qc2 g5 11.
Bg3 c4 12. Bf5 O-O 13. O-O Re8 14. h4 Bxc3 15. bxc3 Ne4 16. hxg5 hxg5 17. Bxe4
dxe4 18. Nd2 $16 {Sargissian,G (2683)-Hanley,C (2421) 1-0 (49) Caleta 2012 CBM
147 (Let's Check)}) 9. Bg3 Ne4 10. Nd2 (10. Qc2 Nb6 11. Bd3 Nxg3 12. hxg3 Be6
13. Ne5 (13. a3 $5 Bd6 14. Nb5 $14) 13... Qe7 14. f4 O-O-O 15. O-O Kb8 16. a3
Bd6 17. a4 gxf4 18. gxf4 Rhg8 $13 {Lysyj,I (2648)-Aronian,L (2813) 0-1 (50)
Tromso 2013}) 10... Nxg3 (10... Nxc3 {is too bold:} 11. bxc3 Bxc3 12. Rc1 Ba5
13. h4 {and Black is in danger.}) 11. fxg3 $146 {With a very unusual pawn
structure. In this game Black can't complain about the result of the opening
but I wouldn't be in any hurry to claim that 11.fxg3 is a dubious move. We
need more games to establish the objective value of this move.} (11. hxg3 Nb6 (
11... c6 12. Bd3 Nb6 13. Qc2 Be6 14. O-O-O Qf6 15. f4 O-O-O 16. Nf3 Kb8 17. Kb1
Qg7 18. Rhe1 $6 (18. f5 Bc8 19. g4 Rhe8 20. e4 $13) 18... Rhe8 19. Re2 Bg4 $15
{Kryakvin,D (2588)-Khismatullin, D (2674) 1/2 (141) Taganrog RUS 2014} (19...
f6 $5)) 12. a3 Bd6 (12... Bf8 13. Bd3 c6 14. Qc2 Be6 15. O-O-O Qe7 16. Nb3
O-O-O 17. Nc5 Kb8 18. Kb1 Bg7 19. Rc1 h5 $11 {L'Ami,E (2646)-Panjwani,R (2440)
1-0 (38) Reykjavik ISL 2014}) 13. Qc2 c6 14. e4 dxe4 15. Ndxe4 Be6 16. O-O-O
Qe7 17. Nxd6+ Qxd6 18. Ne4 Qe7 19. Qc5 Qxc5+ 20. dxc5 Nd7 21. Nxg5 (21. Nd6+
Ke7 22. Nxb7 a5 $11) 21... Bd5 22. Nh3 (22. b4 $5 a5 23. Bd3 axb4 24. axb4 $14
Bxg2 $6 25. Rhe1+ Kf8 26. Bc4 $40) 22... Nxc5 23. Nf4 Bb3 24. Re1+ {1/2 (24)
Ragger,M (2680)-Vitiugov,N (2719) Tromso 2013}) 11... Nb6 12. Bd3 Qe7 13. Qf3
Be6 14. a3 {Magnus hurries to exchange the bishop. His king might be
well-placed on f2, where it protects the e3-pawn.} (14. O-O O-O-O 15. Rac1 Kb8
16. a3 Bxc3 17. Rxc3 Na4 18. Rc2 Bg4 19. Qf2 Rhe8 20. Re1 Nb6 $15) 14... Bxc3
15. bxc3 O-O-O ({It was not bad to play} 15... O-O $5 16. O-O f5 17. h4 Rae8
18. Rae1 Kg7 $11 {then Black can play ...Nc8, ...Nd6.}) 16. a4 Bd7 (16... Kb8
17. a5 Nc8 18. Nb3 Nd6 19. Nc5 $14) ({But} 16... a5 $6 {is too risky:} 17. O-O
({Black is counting on} 17. Nb3 Rhe8 18. Nxa5 Kb8 19. O-O Bg4 $15) 17... Kb8
18. Nb3 Bc8 19. Qf2 $1 (19. Nxa5 Rhe8 20. Rfe1 (20. Rae1 Qa3) 20... Rd6 21. Nb3
Rf6 22. Qe2 Re6 23. Nc5 Rxe3 24. Qxe3 Qxe3+ 25. Rxe3 Rxe3 26. Kf2 Re7 27. Rb1
Ka7 $11) 19... Rhe8 20. Rae1 Nxa4 (20... Qa3 $4 21. Nc5 $18 {with following Ra1
}) 21. Nxa5 Rd6 (21... Nxc3 $4 22. Qb2) 22. c4 $40) 17. a5 ({It is worth
considering the sacrifice of the a-pawn:} 17. O-O $5 Nxa4 $6 ({I would prefer} 
17... Kb8 $1 18. a5 Na4 19. c4 $6 Nb2 20. Qe2 Rhe8 $15) 18. c4 $44 Qb4 19. Qf2
Kb8 20. cxd5 f5 21. Nf3 $16) 17... Na4 18. a6 Rhe8 ({He could have played} 
18... b5 $5 19. O-O Rhe8 {The position is very complicated. White has several
options.} 20. Rfe1 $1 (20. e4 Nxc3 21. e5 Qb4 22. Qe3 c5 23. dxc5 Be6 24. Rac1
d4 25. Qf3 Bd5 26. Be4 Nxe4 27. Nxe4 Rxe5 28. Nd6+ Kc7 29. Qd3 Rxd6 30. cxd6+
Kxd6 $13 {with a very messy position.}) 20... Nxc3 21. Rac1 Ne4 22. Nb3 $44)
19. Kf2 Kb8 {Threatening ...Bg4.} 20. Rhe1 $8 (20. axb7 $4 Bg4 $19) 20... Nxc3
21. axb7 Qb4 $1 $132 22. Kg1 (22. Nf1 {allows Black to play} c5 $1 23. Kg1 (23.
dxc5 $4 Bg4 $19) 23... cxd4 24. Kh1 Re6 $15 25. Qxf7 Qf8 26. Qxf8 Rxf8 27. exd4
Rxe1 28. Rxe1 a5 $17 {The a-pawn is very dangerous.}) 22... Qb2 23. Nf1 ({
There is no relief after} 23. Qf2 Re6 24. Rac1 Rde8 25. Nf3 Qxf2+ 26. Kxf2 Ne4+
27. Bxe4 dxe4 28. Ne5 Bb5 29. Rc5 a6 $15) 23... f5 24. Ra5 $6 (24. Rac1 $1 {
intending Rc2 and Rec1} Ba4 (24... Ne4 $6 25. Rc2 Qb3 26. Qe2 Re6 27. Rec1 $14)
25. Bxf5 Rf8 26. g4 Rd6 27. Ng3 $13) 24... Ba4 {Black should not be afraid of
Rea1.} (24... Rf8 25. Qf2 (25. Rea1 $6 Ba4 26. Re1 f4 27. gxf4 gxf4 28. exf4
Qb4 $17) 25... Qxf2+ 26. Kxf2 f4 27. gxf4 gxf4 28. Kg1 Bf5 29. Bxf5 Rxf5 30.
Rea1 Rd6 31. Rxa7 Nb5 $11) 25. Rc5 $6 ({I think he should have preferred} 25.
Qf2 Qb4 26. Ra6 f4 27. gxf4 gxf4 28. Qxf4 Bb5 29. Bxb5 Qxb5 30. Qxh6 Ne2+ 31.
Kh1 Nxd4 {A complex position with approximately equal chances.}) (25. Bxf5 Rf8
26. g4 Rd6) 25... Rf8 26. h3 Rf6 27. Nh2 Rdf8 $15 28. Qf1 Ne4 29. Re2 $2 (29.
Rxd5 Nxg3 30. Qf2 Qc3 31. Qxg3 Qxd3 $15) 29... Qa3 $1 30. Bxe4 fxe4 $17 {
Magnus' position is very difficult, after ...Kxb7 his opponent gets a material
advantage, the knight on h2 will be out of play after ...h5.} 31. Qe1 c6 32.
Ra5 Qb3 $6 (32... h5 $1 33. g4 h4 {and White has no useful moves. Black's
position is winning.}) 33. Qa1 Qd1+ $2 {Now White is on top.} (33... Bb5 34.
Ra3 Qxa3 35. Qxa3 Bxe2 36. Qb2 Bd3 $17 37. Ng4 (37. Qa3 h5) 37... Rf1+ 38. Kh2
Rb1 $19) 34. Qxd1 Bxd1 35. Re1 Bh5 $8 (35... Bb3 36. Ng4 $16) 36. g4 Be8 37.
Rea1 Rf2 $6 (37... Kxb7 38. Rxa7+ Kb6 39. R7a6+ Kc7 40. Nf1 $14 {Black needs
to play precisely to draw.}) 38. Rxa7 Rb2 39. Nf1 $16 Kc7 (39... Rxb7 40. Ra8+
Kc7 41. Ng3 {Due to the deadly pin, White is winning.}) 40. Ra8 Kxb7 41. R1a7+
Kb6 42. Re7 Rbf2 43. Rb8+ $1 (43. Ng3 $6 {is much weaker:} Bg6 44. Rxf8 Rxf8
45. Re6 Rg8 {Black has good chances to make a draw. For example} 46. Nf5 Bxf5
47. gxf5 Rf8 48. g4 Rh8 49. Kf2 Kb5 $14) 43... Ka6 44. Ng3 Bg6 45. Rxf8 Rxf8
46. Re6 Be8 (46... Rg8 47. Rxc6+ $18) 47. Rxh6 Kb5 {The king is the most
active black piece.} 48. Rh7 {It seems that Magnus could win immediately after
48.Rd6:} (48. Rd6 $1 Kc4 (48... Kb6 49. Nf5 Kc7 50. Rh6 Bd7 51. Rh7 Kd8 52. Nd6
$18) 49. Nf5 Kd3 50. Rd8 Ke2 51. h4 gxh4 52. Kh2 Kf2 53. Kh3 Rh8 54. g5 $18)
48... Kc4 49. Ra7 Bg6 50. Ra6 Rf6 51. Ra3 $1 Kb4 52. Ra1 Kc3 53. Rf1 Re6 54.
Rf8 Kd2 {This gives White a tempo.} (54... Kd3 $1 55. Nf1 c5 56. dxc5 Rc6 $16
57. Rf2 (57. Ra8 Rxc5 58. Ra3+ Rc3 59. Rxc3+ $2 Kxc3 $11) 57... Rxc5 58. Rd2+
Kc3 59. Rd4 $16) 55. Nf1+ Kd3 (55... Ke2 $1 56. Rf2+ Kd3 57. Rf8 c5 58. dxc5
Rc6 59. Rf2 Rxc5 60. Rd2+ Kc3 61. Rd4 $16 {leads to the above mentioned
position.}) 56. Kf2 Re7 57. Rg8 Re6 (57... Bh7 58. Ra8 $1 $16 ({With a little
trap} 58. Rxg5 $2 Rf7+ 59. Ke1 Ra7 60. h4 Ra2 61. Rg7 Re2+ 62. Kd1 Rf2 $11))
58. Ke1 Rf6 59. Rg7 Re6 60. Ra7 Re8 61. Ra3+ $1 Kc2 62. Ra6 Rc8 63. Ke2 Be8 64.
Ra5 Kc3 $6 (64... c5 65. Rxc5+ $2 {leads to a draw} (65. dxc5 Kc3 66. Ng3 Kb4
67. Ra7 Rxc5 68. Nf5 $16) 65... Rxc5 66. dxc5 Bb5+ 67. Ke1 Bxf1 68. Kxf1 d4 69.
c6 Kd2 $1 $11) ({The best chance was} 64... Rb8 $1 65. Rc5+ Kb3 66. Ng3 (66.
Nd2+ $1 Kb4 67. Kd1 Ra8 68. Nb1 Ra1 69. Kc1 $16) 66... Ra8 67. Nh5 Ra2+ 68. Kf1
Ra7 69. Kg1 Ra1+ 70. Kf2 Ra2+ 71. Kg3 Rc2 $1 72. Ra5 (72. Rxc2 $2 Kxc2 73. Nf6
c5 $3 74. dxc5 (74. Nxe8 cxd4 $19) 74... Bc6 75. Kf2 d4 76. exd4 Kd2 77. Nxe4+
Bxe4 78. g3 Kd3 $11) 72... c5 73. Nf6 Bc6 74. dxc5 Kb4 $14) 65. Ng3 Rb8 66.
Rc5+ $1 Kb2 67. Nh5 $18 {Black's position is hopeless.} Bxh5 68. gxh5 Rh8 69.
g4 Rh6 70. Kf2 Re6 71. Kg3 Rf6 72. h4 $1 Rf3+ 73. Kg2 gxh4 74. h6 Rxe3 75. h7
h3+ 76. Kh2 Re2+ 77. Kxh3 Re1 78. Kg2 Re2+ 79. Kg3 Re3+ 80. Kh4 Re1 81. Kg5 Rh1
82. Kg6 Rh4 83. Rxc6 e3 84. Re6 Rxg4+ 85. Kh5 Rg1 86. Rxe3 Rh1+ 87. Kg6 Rg1+
88. Kf7 Rh1 89. Kg8 Rg1+ 90. Kh8 Rg4 91. Re5 Rxd4 92. Kg7 Rg4+ 93. Kh6 1-0

[Event "Norway Chess 2nd"]
[Site "Stavanger"]
[Date "2014.06.07"]
[Round "4"]
[White "Topalov, Veselin"]
[Black "Carlsen, Magnus"]
[Result "1/2-1/2"]
[WhiteElo "2772"]
[BlackElo "2881"]
[Annotator "Marin,M"]
[PlyCount "55"]
[EventDate "2014.06.03"]
[EventType "tourn"]
[EventRounds "9"]
[EventCountry "NOR"]
[EventCategory "21"]
[SourceTitle "CBM 161"]
[Source "ChessBase"]
[SourceDate "2014.07.16"]

1. d4 Nf6 2. c4 e6 3. Nc3 Bb4 4. Nf3 d5 5. cxd5 exd5 6. Bg5 h6 7. Bh4 c5 8.
dxc5 Nbd7 9. e3 (9. Qa4 {would transpose to the second round game
Agdestein-Giri}) 9... Qa5 10. Nd2 Bxc3 11. bxc3 Qxc5 $146 (11... O-O 12. Be2
Qxc3 13. O-O Qxc5 14. Rc1 Qb4 15. Bg3 Nb6 16. Be5 Qe7 17. Bd4 $44 {
Kasimdzhanov,R (2700)-Aleksandrov,A (2554) Dubai 2014 (1-0, 48)}) 12. Rc1 O-O
13. Be2 Qa3 14. O-O Qxa2 15. c4 Ne4 16. Nxe4 dxe4 17. Be7 Re8 18. Bd6 Nf6 19.
Ra1 Qb2 20. c5 a5 21. Rb1 Qa2 22. Bb5 Rd8 23. Qc1 Qe6 24. Bc7 Rf8 25. Bd6 (25.
Bc4 Qg4 (25... Qf5 26. Rb5) 26. Rd1 a4 27. Qa3) 25... Rd8 26. Bc7 Rf8 27. Bd6
Rd8 28. Bc7 1/2-1/2